| 000 | 00641nam a2200205 a 4500 | ||
|---|---|---|---|
| 001 | 000008371 | ||
| 005 | 20240412074207.0 | ||
| 008 | 090916s2005 dr 000 j spa d | ||
| 020 | _a9993498483 | ||
| 040 |
_aDO-SdBNP _bspa _cBNPHU |
||
| 082 |
_aRD863.44 _bS237d |
||
| 100 | 1 |
_aSantos, Roque Diómedes _922595 |
|
| 245 | 1 | 4 |
_aLos duendes verdes : _bsimples historias / _cRoque Diómedes Santos. |
| 260 |
_aSanto Domingo : _bNacional, _c2005. |
||
| 300 |
_a146 p. ; _c23 cm. |
||
| 590 | _aInventariado, 2019/VM | ||
| 650 | 0 |
_aCuentos dominicanos _9176 |
|
| 650 | 0 |
_aLiteratura dominicana. _967 |
|
| 910 | _aValidado. Control de calidad MMOLINA | ||
| 999 |
_c8142 _d8142 |
||